| 000 | 00745cam a2200229 a 4500 | ||
|---|---|---|---|
| 001 | 000009440 | ||
| 003 | OSt | ||
| 005 | 20201002031104.0 | ||
| 008 | 860404s1989 cu a 000 j spa d | ||
| 040 |
_aDO-SdBNP _bspa _cBNPHU |
||
| 082 |
_aCU863.42 _bB261a |
||
| 100 | 1 |
_aBarnet, Miguel, _cMiguel Barnet Lanza _d1940- _924239 |
|
| 245 | 1 | 0 |
_aAkeké y la jutía : _bfábulas cubanas / _cMiguel Barnet ; ilustraciones Enrique Martínez. |
| 260 |
_aLa Habana, Cuba : _bGente Nueva, _c1989. |
||
| 300 |
_a104 p. : _bil. ; _c24 cm. |
||
| 590 | _aInventariado, 2020/ YL | ||
| 650 | 4 |
_aCuentos cubanos _91482 |
|
| 650 | 4 |
_aLiteratura cubana _ySIGLO XX _99186 |
|
| 700 | 1 |
_aMartínez Blanco, Enrique, _924240 _eil. |
|
| 910 | _aEn proceso | ||
| 942 |
_2ddc _cLF1 |
||
| 999 |
_c9200 _d9200 |
||